000 04961nam a2200433 i 4500
001 194953
003 ES-MaACL
005 20250902225558.0
008 240321s2022 sp d f 001 spa c
017 _aBI 00845-2022
_bOficina Depósito Legal Bilbao
020 _a978-84-92937-90-5
040 _aUCA-CSJ
_bspa
_cES-MaACL
080 _a159.922.27(460)
080 _a177(460)
080 _a316.472.4(460)
080 _a316.361(460)
245 0 3 _aLa gestión de la intimidad en la sociedad digital :
_bparejas y rupturas en la España actual /
_cMercedes Fernández Alonso ... [et al.] ; Félix Requena Santos, Luis Ayuso Sánchez (eds.)
250 _aPrimera edición, 2022
260 _aBilbao :
_bFundación BBVA,
_c2022
300 _a492 páginas :
_btablas (blanco y negro) ;
_c24 cm
336 _2rdacontent
_atexto
337 _2rdamedia
_asin mediación
338 _2rdacarrier
_avolumen
500 _aÍndices
504 _aBibliografía: páginas 472-474
505 0 _aPrimera parte: Emparejamientos en la nueva sociedad de la información. Segunda parte: Parejas y ciclo de vida. Tercera parte: Parejas convencionales y nuevas parejas. Cuarta parte: Parejas, relaciones sociales y nuevas sociabilidades. Quinta parte: Estrategias para el estudio de las dinámicas de pareja
520 _aEsta monografía analiza la manera en la que las parejas españolas gestionan sus procesos de emparejamiento, sus dinámicas de vida en pareja, así como las rupturas y sus consecuencias. Aborda desde una perspectiva sociológica un tema muy relevante vinculado con la estructura social y calidad de vida de los españoles, que apenas había sido estudiado de forma conjunta en nuestro país. El diseño de investigación partió de una amplia revisión bibliográfica nacional e internacional, que dio lugar a la elaboración de un marco teórico original donde se integraron diversas perspectivas que sirvieron de guía a lo largo del estudio. En la recogida de datos se ha utilizado la triangulación metodológica (cuantitativa, cualitativa y de redes). Se ha explotado de forma específica la Encuesta de Fecundidad (INE, 2018) y la tercera oleada de la Encuesta Social General Española ESGE (CIS, 2018). Se ha realizado un trabajo cualitativo inédito, con 9 grupos de discusión y 27 entrevistas a parejas (81 en total). Esta recogida de datos se completó con el análisis de la red social de 104 participantes en la investigación. Su explotación ha permitido combinar la perspectiva de la vida en pareja según grupos de edad (parejas jóvenes, medianas y mayores); profundizar en las diferentes tipologías de pareja, y estudiar las relaciones de pareja “cara a cara” y las mediadas por las TIC. Los resultados obtenidos señalan las importantes transformaciones que están aconteciendo en la esfera privada en nuestro país. Los procesos de emparejamiento se alargan cada vez más durante todo el ciclo vital, con una mayor aceptación de la pluralidad. Las nuevas tecnologías contribuyen a ampliar los mercados de emparejamientos, y los nuevos valores a acentuar esta tendencia, dando lugar a una amplia diversidad de relaciones afectivo sexuales que repercuten en los proyectos estables de pareja. Existen importantes diferencias por edad a partir de los 65 años. A nivel interno, pese a la percepción negativa del impacto de las TIC, la comunicación en la familia es cada vez más intensa, y aspectos como la conciliación, la gestión de los cuidados, el dinero o la sexualidad forman parte de manera más explícita de la gestión de la intimidad, con una tendencia hacia la mayor igualdad de género. Las rupturas están más presentes en todas las generaciones, viviéndose este hecho con mayor normalización que en el pasado. Los factores de las rupturas son principalmente emocionales, debiendo trabajarse más la gestión de las emociones en todas las edades. El análisis de redes pone de manifiesto el proceso particular de nuclearización de las relaciones de pareja en España, con menos hijos y con un peso más importante de las redes digitales y los amigos, aunque sin perder los vínculos estructurales. Esta obra se dirige a diferentes grupos interesados en la familia y en las relaciones de pareja: desde profesionales y académicos de la sociología, psicología, derecho, economía, entre otros, a la sociedad civil en general
650 7 _aRelaciones interpersonales
_2embne
_9164022
650 7 _aRelaciones de pareja
_2embne
_916779
700 1 _aFernández Alonso, Mercedes
_c(socióloga)
_eaut
_9241655
700 1 _aRequena Santos, Félix
_epbl
_996308
700 1 _aAyuso Sánchez, Luis
_epbl
_9139928
710 2 _aFundación BBVA
_eedt
_94230
852 4 _aES-MaACL
_cDEPOJ
_hDonación: Fundación BBVA
_jN-9921
_9205843
942 _cMONOGRAFIA
_n0
999 _c194953
_d194953